00655cam a22002177a 4500003000500000005001700005008004100022010001000063011001000073035001000083040000900093100003300102245007900135260004000214300001000254502008100264650001900345650003000364650002500394650001800419CHAP20220329141204.0971010s1988 r 00010 d a64056 a65028 a71187 cCHAP00aRodríguez Machuca, Arturo.10aInducción de estro fértil en época de anestro en borregos corriedale aChapingo, Méx. :bEl autor,c1988 a79 h. aTesis (Ing. Agrónomo Esp. en Zootecnia) -- UACH. Departamento de Zootecnia14aCiclo estrual.14aGanado lanarxFecundidad.14aGanado lanarxRazas.14aProgesterona.